Statistiken für Torschützenkönige in der Geschichte des AS Roma

Klicken Sie hier um das Quiz zu spielen!

Allgemein

  • Dieses Quiz wurde 14 mal gespielt
  • Das Durchschnittsergebnis liegt bei 3 aus 10

Antwortstatistiken

ToreNationalitätSpieler% Korrekt
119Bosnien und HerzegowinaEdin Džeko
100%
307ItalienFrancesco Totti
100%
75ItalienGiuseppe Giannini
15%
87ArgentinienAbel Balbo
8%
111ItalienAmedeo Amadei
8%
83ItalienMarco Delvecchio
8%
138ItalienRoberto Pruzzo
8%
94ItalienVincenzo Montella
8%
76ArgentinienPedro Waldemar Manfredini
0%
106ItalienRodolfo Volk
0%

Verteilung der Resultate

Perzentil nach korrekt beantworteten Fragen

Anzahl Personen mit jedem Resultat

Ihre Resultats-Entwicklung

Sie haben dieses Quiz noch nicht gespielt